000 00662nam a2200253Ia 4500
003 OSt
005 20221006142539.0
006 a|||||r|||| 00| 0
007 ta
008 221006b |||||||| |||| 00| 0 eng d
020 _c117.21
024 _a6,568
037 _cTextual
040 _aEASL
_cEASL
_beng
041 _2eng
_aeng
082 _aY:356.41.N8, M4
100 _aSchell Orville
245 0 _aTo get rich is glorious
_b China in the eighties
260 _aLondon
_bRobin Clark Ltd.
_c1984
300 _a210p.
_ccm.
490 _v CEL
942 _hY:356.41.N8, M4
_cTEXL
_2CC
999 _c1074654
_d1074654